| 000 | 00670nam a2200193Ia 4500 | ||
|---|---|---|---|
| 003 | GCL | ||
| 008 | 140319s9999 xx 000 0 ara d | ||
| 040 |
_aGCL / _cGCL |
||
| 082 | 0 | 4 |
_a323.11 _bا ت |
| 100 | 1 | _aاحمد سويلم العمرى | |
| 245 | 1 | 0 |
_aالتفرقة العنصرية / _cاحمد سويلم العمرى |
| 700 | 1 | _aاحمد سويلم | |
| 300 | _a144 ص | ||
| 490 |
_aالمكتبة الثقافية _v0 |
||
| 650 | 0 | 4 | _aالتفرقة العنصرية |
| 650 | 0 | 4 | _aالولايات المتحدة الامريكية -التفرقة العنصرية |
| 650 | 0 | 4 | _aالتفرقة العنصرية-جنوب افريقيا |
| 942 |
_2ddc _cBK |
||
| 999 |
_c46969 _d46969 |
||